Loading...
| History - World | 0 | 7 | 0 | 0 | 70 | 15 | 52.00 | 3 | 6 | 0.00 | 0.00 |
| History - European | 0 | 6 | 0 | 0 | 60 | 22 | 48.33 | 0 | 6 | 0.00 | 0.00 |
| Religion | 0 | 4 | 1 | 1 | 35 | 13 | 55.75 | 2 | 3 | 0.00 | 0.00 |
| Mythology | 0 | 3 | 0 | 1 | 30 | 72 | 91.00 | 0 | 1 | 0.00 | 0.00 |
| History - American | 0 | 3 | 1 | 2 | 25 | 63 | 83.67 | 0 | 0 | 0.00 | 0.00 |
| History - Other | 0 | 3 | 2 | 1 | 20 | 50 | 70.67 | 1 | 2 | 0.00 | 0.00 |
| Literature - British | 0 | 2 | 0 | 0 | 20 | 89 | 92.50 | 0 | 0 | 0.00 | 0.00 |
| Social Science | 0 | 2 | 1 | 1 | 15 | 29 | 66.50 | 0 | 1 | 0.00 | 0.00 |
| Fine Arts - Other | 0 | 2 | 1 | 0 | 15 | 81 | 103.50 | 0 | 0 | 0.00 | 0.00 |
| Literature - European | 0 | 1 | 0 | 0 | 10 | 92 | 92.00 | 0 | 0 | 0.00 | 0.00 |
| Literature - American | 0 | 1 | 0 | 0 | 10 | 63 | 63.00 | 0 | 1 | 0.00 | 0.00 |
| Philosophy | 0 | 1 | 0 | 0 | 10 | 86 | 86.00 | 0 | 0 | 0.00 | 0.00 |
| Science - Other | 0 | 1 | 0 | 0 | 10 | 93 | 93.00 | 0 | 0 | 0.00 | 0.00 |
| Fine Arts - Classical Music | 0 | 1 | 0 | 1 | 10 | 119 | 119.00 | 0 | 0 | 0.00 | 0.00 |
| Science - Biology | 0 | 1 | 1 | 0 | 5 | 46 | 46.00 | 0 | 0 | 0.00 | 0.00 |
| Geography | 0 | 1 | 1 | 0 | 5 | 60 | 60.00 | 1 | 1 | 0.00 | 0.00 |
| Popular Culture | 0 | 0 | 1 | 0 | -5 | 0.00 | 0 | 0 | 0.00 | 0.00 |